[Event "Stay Safe Play From Home 328"]
[Site "Mustafa Kemal Atatürk"]
[Date "2020.07.24"]
[Round "4"]
[White "Mepe_Nika"]
[Black "SelamiSahin"]
[Result "1-0"]
[WhiteElo "2382"]
[BlackElo "2074"]
[PlyCount "85"]
[EventDate "2020.07.24"]
[EventType "swiss (blitz)"]

1. d4 {[%emt 0:00:01]} c6 {[%emt 0:00:01]} 2. e4 {[%emt 0:00:01]} d5 {[%emt 0:00:00]} 3. exd5 {[%emt 0:00:00]} cxd5 {[%emt 0:00:01]} 4. Bd3 {[%emt 0:00:00]} Nc6 {[%emt 0:00:00]} 5. c3 {[%emt 0:00:01]} Qc7 {[%emt 0:00:01]} 6. Ne2 {[%emt 0:00:01]} Bg4 {[%emt 0:00:00]} 7. O-O {[%emt 0:00:01]} e6 {[%emt 0:00:01]} 8. Qe1 {[%emt 0:00:00]} Bd6 {[%emt 0:00:01]} 9. f3 {[%emt 0:00:02]} Bh5 {[%emt 0:00:05]} 10. Qh4 {[%emt 0:00:01]} Nf6 {[%emt 0:00:03]} 11. Bg5 {[%emt 0:00:02]} Bg6 {[%emt 0:00:10]} 12. Bxg6 {[%emt 0:00:01]} fxg6 {[%emt 0:00:00]} 13. Bxf6 {[%emt 0:00:02]} gxf6 {[%emt 0:00:01]} 14. Qxf6 {[%emt 0:00:00]} Kd7 {[%emt 0:00:07]} 15. h3 {[%emt 0:00:06]} Raf8 {[%emt 0:00:02]} 16. Qg5 {[%emt 0:00:01]} Ne7 {[%emt 0:00:02]} 17. Na3 {[%emt 0:00:02]} a6 {[%emt 0:00:02]} 18. Nc2 {[%emt 0:00:02]} Rf5 {[%emt 0:00:01]} 19. Qd2 {[%emt 0:00:01]} Rhf8 {[%emt 0:00:02]} 20. Ne3 {[%emt 0:00:00]} R5f7 {[%emt 0:00:02]} 21. Ng4 {[%emt 0:00:00]} Nf5 {[%emt 0:00:01]} 22. Nc1 {[%emt 0:00:01]} Bf4 {[%emt 0:00:01]} 23. Qe2 {[%emt 0:00:02]} Ng3 {[%emt 0:00:01]} 24. Qf2 {[%emt 0:00:02]} Nxf1 {[%emt 0:00:01]} 25. Qxf1 {[%emt 0:00:00]} h5 {[%emt 0:00:01]} 26. Nf2 {[%emt 0:00:02]} g5 {[%emt 0:00:01]} 27. Ncd3 {[%emt 0:00:01]} Be3 {[%emt 0:00:01]} 28. Re1 {[%emt 0:00:01]} Bxf2+ {[%emt 0:00:01]} 29. Qxf2 {[%emt 0:00:00]} g4 {[%emt 0:00:00]} 30. hxg4 {[%emt 0:00:00]} hxg4 {[%emt 0:00:00]} 31. Ne5+ {[%emt 0:00:01]} Ke7 {[%emt 0:00:02]} 32. Ng6+ {[%emt 0:00:01]} Ke8 {[%emt 0:00:01]} 33. Rxe6+ {[%emt 0:00:01]} Kd8 {[%emt 0:00:01]} 34. Nxf8 {[%emt 0:00:01]} Rxf8 {[%emt 0:00:00]} 35. Qh4+ {[%emt 0:00:01]} Kc8 {[%emt 0:00:01]} 36. Qxg4 {[%emt 0:00:02]} Qc4 {[%emt 0:00:02]} 37. Rc6+ {[%emt 0:00:02]} Kb8 {[%emt 0:00:01]} 38. Rxc4 {[%emt 0:00:01]} dxc4 {[%emt 0:00:00]} 39. Qg3+ {[%emt 0:00:00]} Ka8 {[%emt 0:00:02]} 40. Qd6 {[%emt 0:00:00]} Re8 {[%emt 0:00:01]} 41. Qd5 {[%emt 0:00:01]} Re2 {[%emt 0:00:01]} 42. Kh2 {[%emt 0:00:00]} Rxb2 {[%emt 0:00:00]} 43. Qxc4 {[%emt 0:00:01] Zaman (Lag: Av=0.56s, max=1.1s)} 1-0

[Event "Stay Safe Play From Home 328"]
[Site "Mustafa Kemal Atatürk"]
[Date "2020.07.24"]
[Round "4"]
[White "Lazieri3"]
[Black "Lamborghini"]
[Result "0-1"]
[WhiteElo "2109"]
[BlackElo "2188"]
[Annotator "NA"]
[PlyCount "84"]
[EventDate "2020.07.24"]
[EventType "swiss (blitz)"]

1. e4 {[%emt 0:00:01]} c5 {[%emt 0:00:06]} 2. Nc3 {[%emt 0:00:00]} d6 {[%emt 0:00:01]} 3. d3 {[%emt 0:00:00]} Nc6 {[%emt 0:00:01]} 4. Nf3 {[%emt 0:00:00]} e5 {[%emt 0:00:00]} 5. Bg5 {[%emt 0:00:01]} Be7 {[%emt 0:00:00]} 6. Bxe7 {[%emt 0:00:01]} Ngxe7 {[%emt 0:00:00]} 7. g3 {[%emt 0:00:00]} O-O {[%emt 0:00:01]} 8. Bg2 {[%emt 0:00:00]} f6 {[%emt 0:00:00]} 9. O-O {[%emt 0:00:00]} Be6 {[%emt 0:00:00]} 10. h3 {[%emt 0:00:01]} b6 {[%emt 0:00:01]} 11. Kh2 {[%emt 0:00:00]} Qd7 {[%emt 0:00:01]} 12. Nh4 {[%emt 0:00:01]} Rad8 {[%emt 0:00:00]} 13. f4 {[%emt 0:00:01]} exf4 {[%emt 0:00:01]} 14. gxf4 {[%emt 0:00:01]} d5 {[%emt 0:00:01]} 15. exd5 {[%emt 0:00:03]} Nxd5 {[%emt 0:00:01]} 16. Nxd5 {[%emt 0:00:00]} Bxd5 {[%emt 0:00:00]} 17. Bxd5+ {[%emt 0:00:01]} Qxd5 {[%emt 0:00:00]} 18. Qg4 {[%emt 0:00:02]} Nd4 {[%emt 0:00:02]} 19. Rg1 {[%emt 0:00:03]} Rf7 {[%emt 0:00:05]} 20. c3 {[%emt 0:00:05]} f5 {[%emt 0:00:02]} 21. Qg5 {[%emt 0:00:05]} Ne6 {[%emt 0:00:02]} 22. Qg2 {[%emt 0:00:09]} Qxg2+ {[%emt 0:00:02]} 23. Rxg2 {[%emt 0:00:01]} Rxd3 {[%emt 0:00:03]} 24. Re1 {[%emt 0:00:05]} Nxf4 {[%emt 0:00:02]} 25. Re8+ {[%emt 0:00:01]} Rf8 {[%emt 0:00:01]} 26. Rxf8+ {[%emt 0:00:05]} Kxf8 {[%emt 0:00:01]} 27. Rg3 {[%emt 0:00:01]} Rd2+ {[%emt 0:00:01]} 28. Kg1 {[%emt 0:00:01]} g6 {[%emt 0:00:00]} 29. Kf1 {[%emt 0:00:02]} Nd3 {[%emt 0:00:02]} 30. Nf3 {[%emt 0:00:02]} Rf2+ {[%emt 0:00:02]} 31. Kg1 {[%emt 0:00:02]} Rxb2 {[%emt 0:00:00]} 32. Ng5 {[%emt 0:00:01]} Nf4 {[%emt 0:00:00]} 33. Nxh7+ {[%emt 0:00:01]} Kg7 {[%emt 0:00:00]} 34. Ng5 {[%emt 0:00:02]} Ne2+ {[%emt 0:00:00]} 35. Kg2 {[%emt 0:00:01]} Nxg3+ {[%emt 0:00:00]} 36. Kxg3 {[%emt 0:00:00]} Rxa2 {[%emt 0:00:00]} 37. Ne6+ {[%emt 0:00:00]} Kf6 {[%emt 0:00:01]} 38. Nf4 {[%emt 0:00:00]} Ra3 {[%emt 0:00:00]} 39. Nd5+ {[%emt 0:00:00]} Ke5 {[%emt 0:00:01]} 40. Nc7 {[%emt 0:00:00]} Rxc3+ {[%emt 0:00:01]} 41. Kh4 {[%emt 0:00:00]} a5 {[%emt 0:00:00]} 42. Ne8 {[%emt 0:00:01]} Rc4+ {[%emt 0:00:00] Time (Lag: Av=0.63s, max=1.0s) .} 0-1

[Event "Stay Safe Play From Home 328"]
[Site "Mustafa Kemal Atatürk"]
[Date "2020.07.24"]
[Round "4"]
[White "Greblha"]
[Black "SoulofWolf"]
[Result "0-1"]
[WhiteElo "1923"]
[BlackElo "2163"]
[Annotator "NA"]
[PlyCount "94"]
[EventDate "2020.07.24"]
[EventType "swiss (blitz)"]

1. e4 {[%emt 0:00:01]} e6 {[%emt 0:00:00]} 2. Qe2 {[%emt 0:00:02]} c5 {[%emt 0:00:00]} 3. e5 {[%emt 0:00:01]} Nc6 {[%emt 0:00:00]} 4. f4 {[%emt 0:00:02]} d5 {[%emt 0:00:00]} 5. Nf3 {[%emt 0:00:02]} a6 {[%emt 0:00:02]} 6. c3 {[%emt 0:00:01]} b5 {[%emt 0:00:00]} 7. d4 {[%emt 0:00:01]} Qb6 {[%emt 0:00:01]} 8. Be3 {[%emt 0:00:02]} Bb7 {[%emt 0:00:01]} 9. dxc5 {[%emt 0:00:01]} Bxc5 {[%emt 0:00:00]} 10. Bxc5 {[%emt 0:00:03]} Qxc5 {[%emt 0:00:00]} 11. Nbd2 {[%emt 0:00:02]} Nge7 {[%emt 0:00:01]} 12. Nb3 {[%emt 0:00:01]} Qb6 {[%emt 0:00:01]} 13. Nbd4 {[%emt 0:00:00]} O-O {[%emt 0:00:01]} 14. Nxc6 {[%emt 0:00:01]} Bxc6 {[%emt 0:00:01]} 15. Nd4 {[%emt 0:00:02]} Rac8 {[%emt 0:00:03]} 16. g3 {[%emt 0:00:01]} a5 {[%emt 0:00:03]} 17. Bg2 {[%emt 0:00:01]} b4 {[%emt 0:00:01]} 18. O-O {[%emt 0:00:01]} Bb7 {[%emt 0:00:05]} 19. Rfc1 {[%emt 0:00:03]} Ba6 {[%emt 0:00:01]} 20. Qf2 {[%emt 0:00:01]} Rc7 {[%emt 0:00:03]} 21. cxb4 {[%emt 0:00:02]} axb4 {[%emt 0:00:01]} 22. Nb3 {[%emt 0:00:08]} Qxf2+ {[%emt 0:00:08]} 23. Kxf2 {[%emt 0:00:00]} Rfc8 {[%emt 0:00:01]} 24. Rxc7 {[%emt 0:00:01]} Rxc7 {[%emt 0:00:00]} 25. Rc1 {[%emt 0:00:01]} Rxc1 {[%emt 0:00:00]} 26. Nxc1 {[%emt 0:00:01]} h5 {[%emt 0:00:03]} 27. Ke3 {[%emt 0:00:00]} Nf5+ {[%emt 0:00:01]} 28. Kd2 {[%emt 0:00:02]} Nd4 {[%emt 0:00:02]} 29. Nb3 {[%emt 0:00:03]} Nc6 {[%emt 0:00:01]} 30. Nc5 {[%emt 0:00:02]} Bc4 {[%emt 0:00:01]} 31. b3 {[%emt 0:00:01]} Bb5 {[%emt 0:00:01]} 32. Nd3 {[%emt 0:00:01]} Kf8 {[%emt 0:00:02]} 33. Bf3 {[%emt 0:00:01]} g6 {[%emt 0:00:01]} 34. Be2 {[%emt 0:00:01]} Ke7 {[%emt 0:00:00]} 35. Nc5 {[%emt 0:00:01]} Bxe2 {[%emt 0:00:02]} 36. Kxe2 {[%emt 0:00:00]} f6 {[%emt 0:00:00]} 37. exf6+ {[%emt 0:00:02]} Kxf6 {[%emt 0:00:00]} 38. Kd3 {[%emt 0:00:01]} e5 {[%emt 0:00:01]} 39. Nd7+ {[%emt 0:00:01]} Kf5 {[%emt 0:00:01]} 40. Nxe5 {[%emt 0:00:00]} Nxe5+ {[%emt 0:00:02]} 41. fxe5 {[%emt 0:00:00]} Kxe5 {[%emt 0:00:01]} 42. Ke3 {[%emt 0:00:00]} g5 {[%emt 0:00:01]} 43. Kd3 {[%emt 0:00:01]} g4 {[%emt 0:00:01]} 44. Ke3 {[%emt 0:00:00]} Kd6 {[%emt 0:00:01]} 45. Kd4 {[%emt 0:00:01]} Kc6 {[%emt 0:00:00]} 46. Ke5 {[%emt 0:00:01]} Kc5 {[%emt 0:00:01]} 47. Kf4 {[%emt 0:00:01]} d4 {[%emt 0:00:00] Zeit (Lag: Av=0.29s, max=0.7s)} 0-1

[Event "Stay Safe Play From Home 328"]
[Site "Mustafa Kemal Atatürk"]
[Date "2020.07.24"]
[Round "4"]
[White "Oznog"]
[Black "NeatFox"]
[Result "1-0"]
[WhiteElo "1760"]
[BlackElo "1879"]
[Annotator "NA"]
[PlyCount "63"]
[EventDate "2020.07.24"]
[EventType "swiss (blitz)"]

1. d4 {[%emt 0:00:03]} c6 {[%emt 0:00:00]} 2. c4 {[%emt 0:00:01]} d5 {[%emt 0:00:00]} 3. Nc3 {[%emt 0:00:01]} dxc4 {[%emt 0:00:01]} 4. Nf3 {[%emt 0:00:01]} g6 {[%emt 0:00:00]} 5. e4 {[%emt 0:00:01]} Bg7 {[%emt 0:00:00]} 6. Bxc4 {[%emt 0:00:02]} e6 {[%emt 0:00:01]} 7. O-O {[%emt 0:00:03]} Ne7 {[%emt 0:00:01]} 8. Be3 {[%emt 0:00:02]} O-O {[%emt 0:00:00]} 9. Qd2 {[%emt 0:00:01]} Bd7 {[%emt 0:00:02]} 10. Bh6 {[%emt 0:00:02]} b5 {[%emt 0:00:04]} 11. Bxg7 {[%emt 0:00:01]} Kxg7 {[%emt 0:00:01]} 12. Bd3 {[%emt 0:00:01]} Na6 {[%emt 0:00:02]} 13. a3 {[%emt 0:00:01]} Nc7 {[%emt 0:00:01]} 14. Qg5 {[%emt 0:00:02]} Nc8 {[%emt 0:00:03]} 15. Qg3 {[%emt 0:00:01]} Na6 {[%emt 0:00:07]} 16. Ne5 {[%emt 0:00:01]} Qc7 {[%emt 0:00:02]} 17. f4 {[%emt 0:00:06]} f6 {[%emt 0:00:02]} 18. Nxd7 {[%emt 0:00:02]} Qxd7 {[%emt 0:00:01]} 19. Rad1 {[%emt 0:00:03]} Qc7 {[%emt 0:00:03]} 20. e5 {[%emt 0:00:01]} f5 {[%emt 0:00:02]} 21. h4 {[%emt 0:00:01]} Qf7 {[%emt 0:00:03]} 22. h5 {[%emt 0:00:02]} Ne7 {[%emt 0:00:01]} 23. Kf2 {[%emt 0:00:03]} Nd5 {[%emt 0:00:01]} 24. Nxd5 {[%emt 0:00:01]} cxd5 {[%emt 0:00:00]} 25. Rh1 {[%emt 0:00:01]} Rac8 {[%emt 0:00:01]} 26. hxg6 {[%emt 0:00:01]} hxg6 {[%emt 0:00:00]} 27. Rh3 {[%emt 0:00:01]} Rh8 {[%emt 0:00:01]} 28. Rdh1 {[%emt 0:00:01]} Rxh3 {[%emt 0:00:01]} 29. Qxh3 {[%emt 0:00:00]} Kf8 {[%emt 0:00:07]} 30. Qh8+ {[%emt 0:00:02]} Qg8 {[%emt 0:00:00]} 31. Qf6+ {[%emt 0:00:01]} Qf7 {[%emt 0:00:01]} 32. Rh8# {[%emt 0:00:02] (Lag: Av=0.68s, max=0.8s)} 1-0

[Event "Stay Safe Play From Home 328"]
[Site "Mustafa Kemal Atatürk"]
[Date "2020.07.24"]
[Round "4"]
[White "Padmaesh M K"]
[Black "Justwatch"]
[Result "1-0"]
[WhiteElo "1736"]
[BlackElo "1690"]
[Annotator "NA"]
[PlyCount "45"]
[EventDate "2020.07.24"]
[EventType "swiss (blitz)"]

1. Nf3 {[%emt 0:00:02]} Nf6 {[%emt 0:00:00]} 2. g3 {[%emt 0:00:01]} g6 {[%emt 0:00:00]} 3. b3 {[%emt 0:00:02]} Bg7 {[%emt 0:00:00]} 4. Bb2 {[%emt 0:00:00]} O-O {[%emt 0:00:00]} 5. Bg2 {[%emt 0:00:01]} Nc6 {[%emt 0:00:01]} 6. c4 {[%emt 0:00:00]} d6 {[%emt 0:00:00]} 7. d4 {[%emt 0:00:01]} Bd7 {[%emt 0:00:04]} 8. d5 {[%emt 0:00:01]} Ne5 {[%emt 0:00:01]} 9. Nxe5 {[%emt 0:00:01]} dxe5 {[%emt 0:00:00]} 10. Bxe5 {[%emt 0:00:01]} Qc8 {[%emt 0:00:02]} 11. O-O {[%emt 0:00:02]} Bh3 {[%emt 0:00:01]} 12. Nc3 {[%emt 0:00:02]} Bxg2 {[%emt 0:00:01]} 13. Kxg2 {[%emt 0:00:00]} Qg4 {[%emt 0:00:01]} 14. f3 {[%emt 0:00:02]} Qd7 {[%emt 0:00:01]} 15. Qd4 {[%emt 0:00:01]} c6 {[%emt 0:00:01]} 16. Rad1 {[%emt 0:00:03]} cxd5 {[%emt 0:00:01]} 17. Nxd5 {[%emt 0:00:01]} e6 {[%emt 0:00:01]} 18. Nxf6+ {[%emt 0:00:03]} Bxf6 {[%emt 0:00:04]} 19. Qxd7 {[%emt 0:00:01]} Bxe5 {[%emt 0:00:00]} 20. f4 {[%emt 0:00:01]} Bf6 {[%emt 0:00:02]} 21. e4 {[%emt 0:00:01]} Rfd8 {[%emt 0:00:01]} 22. Qxb7 {[%emt 0:00:01]} Rab8 {[%emt 0:00:03]} 23. Qxa7 {[%emt 0:00:02] Justwatch terk eder (Lag: Av=0.40s, max=0.8s)} 1-0

[Event "Stay Safe Play From Home 328"]
[Site "Mustafa Kemal Atatürk"]
[Date "2020.07.24"]
[Round "4"]
[White "Edmatuag"]
[Black "W Nelles"]
[Result "0-1"]
[WhiteElo "1659"]
[BlackElo "1126"]
[Annotator "NA"]
[PlyCount "48"]
[EventDate "2020.07.24"]
[EventType "swiss (blitz)"]

1. e4 {[%emt 0:00:01]} e6 {[%emt 0:00:01]} 2. d4 {[%emt 0:00:01]} Nc6 {[%emt 0:00:01]} 3. Nf3 {[%emt 0:00:04]} Be7 {[%emt 0:00:01]} 4. c4 {[%emt 0:00:02]} Nf6 {[%emt 0:00:02]} 5. Nc3 {[%emt 0:00:01]} O-O {[%emt 0:00:02]} 6. d5 {[%emt 0:00:03]} exd5 {[%emt 0:00:01]} 7. cxd5 {[%emt 0:00:12]} Nb4 {[%emt 0:00:03]} 8. a3 {[%emt 0:00:03]} Na6 {[%emt 0:00:03]} 9. b4 {[%emt 0:00:02]} d6 {[%emt 0:00:02]} 10. Bd3 {[%emt 0:00:02]} Bg4 {[%emt 0:00:01]} 11. h3 {[%emt 0:00:02]} Bxf3 {[%emt 0:00:01]} 12. Qxf3 {[%emt 0:00:01]} c6 {[%emt 0:00:02]} 13. Bxa6 {[%emt 0:00:04]} bxa6 {[%emt 0:00:01]} 14. dxc6 {[%emt 0:00:01]} Qb6 {[%emt 0:00:03]} 15. Nd5 {[%emt 0:00:07]} Nxd5 {[%emt 0:00:02]} 16. exd5 {[%emt 0:00:01]} Bf6 {[%emt 0:00:01]} 17. Rb1 {[%emt 0:00:04]} Rae8+ {[%emt 0:00:02]} 18. Kf1 {[%emt 0:00:02]} Qb5+ {[%emt 0:00:01]} 19. Kg1 {[%emt 0:00:02]} Qc4 {[%emt 0:00:02]} 20. Be3 {[%emt 0:00:01]} Qc2 {[%emt 0:00:02]} 21. g3 {[%emt 0:00:00]} Qxb1+ {[%emt 0:00:01]} 22. Kg2 {[%emt 0:00:00]} Be5 {[%emt 0:00:02]} 23. Rc1 {[%emt 0:00:01]} Qb3 {[%emt 0:00:02]} 24. c7 {[%emt 0:00:02]} Rc8 {[%emt 0:00:02] Time (Lag: Av=0.61s, max=0.8s)} 0-1

[Event "Stay Safe Play From Home 328"]
[Site "Mustafa Kemal Atatürk"]
[Date "2020.07.24"]
[Round "4"]
[White "Capaeuwekhine"]
[Black "Stefanone"]
[Result "0-1"]
[WhiteElo "1652"]
[BlackElo "2003"]
[Annotator "NA"]
[PlyCount "80"]
[EventDate "2020.07.24"]
[EventType "swiss (blitz)"]

1. d4 {[%emt 0:00:01]} Nc6 {[%emt 0:00:00]} 2. Nf3 {[%emt 0:00:01]} d6 {[%emt 0:00:01]} 3. e3 {[%emt 0:00:01]} g6 {[%emt 0:00:01]} 4. Bd3 {[%emt 0:00:01]} Bg7 {[%emt 0:00:01]} 5. c3 {[%emt 0:00:01]} Bd7 {[%emt 0:00:01]} 6. O-O {[%emt 0:00:01]} e5 {[%emt 0:00:00]} 7. b3 {[%emt 0:00:01]} Qe7 {[%emt 0:00:01]} 8. e4 {[%emt 0:00:01]} f5 {[%emt 0:00:01]} 9. d5 {[%emt 0:00:01]} Nd8 {[%emt 0:00:01]} 10. Bg5 {[%emt 0:00:01]} Nf6 {[%emt 0:00:01]} 11. exf5 {[%emt 0:00:02]} Bxf5 {[%emt 0:00:01]} 12. Bxf5 {[%emt 0:00:02]} gxf5 {[%emt 0:00:00]} 13. c4 {[%emt 0:00:01]} O-O {[%emt 0:00:02]} 14. Nbd2 {[%emt 0:00:03]} Nf7 {[%emt 0:00:01]} 15. Bxf6 {[%emt 0:00:02]} Bxf6 {[%emt 0:00:02]} 16. Rc1 {[%emt 0:00:01]} e4 {[%emt 0:00:00]} 17. Ne1 {[%emt 0:00:03]} Be5 {[%emt 0:00:02]} 18. f3 {[%emt 0:00:01]} Qh4 {[%emt 0:00:01]} 19. h3 {[%emt 0:00:06]} exf3 {[%emt 0:00:03]} 20. Ndxf3 {[%emt 0:00:02]} Qg3 {[%emt 0:00:00]} 21. Nxe5 {[%emt 0:00:01]} Nxe5 {[%emt 0:00:00]} 22. Nf3 {[%emt 0:00:01]} f4 {[%emt 0:00:02]} 23. Nxe5 {[%emt 0:00:02]} dxe5 {[%emt 0:00:00]} 24. Qf3 {[%emt 0:00:01]} Qg7 {[%emt 0:00:02]} 25. Rce1 {[%emt 0:00:03]} Rae8 {[%emt 0:00:01]} 26. Re4 {[%emt 0:00:01]} Rf5 {[%emt 0:00:02]} 27. Qg4 {[%emt 0:00:01]} Rg5 {[%emt 0:00:01]} 28. Qf3 {[%emt 0:00:01]} Kh8 {[%emt 0:00:01]} 29. c5 {[%emt 0:00:05]} Rg3 {[%emt 0:00:02]} 30. Qf2 {[%emt 0:00:01]} Rxh3 {[%emt 0:00:01]} 31. d6 {[%emt 0:00:03]} cxd6 {[%emt 0:00:01]} 32. cxd6 {[%emt 0:00:01]} Rg3 {[%emt 0:00:01]} 33. Qxf4 {[%emt 0:00:01]} exf4 {[%emt 0:00:02]} 34. Rxe8+ {[%emt 0:00:01]} Qg8 {[%emt 0:00:00]} 35. Rxg8+ {[%emt 0:00:01]} Rxg8 {[%emt 0:00:00]} 36. Rxf4 {[%emt 0:00:01]} Rd8 {[%emt 0:00:00]} 37. Rd4 {[%emt 0:00:01]} Rd7 {[%emt 0:00:01]} 38. Kf2 {[%emt 0:00:00]} Kg7 {[%emt 0:00:00]} 39. Ke3 {[%emt 0:00:00]} Kf6 {[%emt 0:00:00]} 40. Ke4 {[%emt 0:00:00]} Ke6 {[%emt 0:00:00] Tiempo (Lag: Av=0.53s, max=1.0s)} 0-1

[Event "Stay Safe Play From Home 328"]
[Site "Mustafa Kemal Atatürk"]
[Date "2020.07.24"]
[Round "4"]
[White "Meini"]
[Black "Mandy"]
[Result "1-0"]
[WhiteElo "1500"]
[BlackElo "893"]
[Annotator "NA"]
[PlyCount "25"]
[EventDate "2020.07.24"]
[EventType "swiss (blitz)"]

1. d4 {[%emt 0:00:01]} d5 {[%emt 0:00:02]} 2. Bf4 {[%emt 0:00:01]} c6 {[%emt 0:00:03]} 3. e3 {[%emt 0:00:01]} Nf6 {[%emt 0:00:01]} 4. Nf3 {[%emt 0:00:01]} Nbd7 {[%emt 0:00:01]} 5. h3 {[%emt 0:00:01]} e6 {[%emt 0:00:01]} 6. Bd3 {[%emt 0:00:01]} g6 {[%emt 0:00:04]} 7. c3 {[%emt 0:00:01]} Be7 {[%emt 0:00:05]} 8. Nbd2 {[%emt 0:00:01]} b6 {[%emt 0:00:02]} 9. Qe2 {[%emt 0:00:01]} O-O {[%emt 0:00:06]} 10. e4 {[%emt 0:00:01]} dxe4 {[%emt 0:00:05]} 11. Nxe4 {[%emt 0:00:02]} Nxe4 {[%emt 0:00:02]} 12. Bxe4 {[%emt 0:00:01]} c5 {[%emt 0:00:06]} 13. Bxa8 {[%emt 0:00:02] Mandy gibt auf (Lag: Av=0.47s, max=0.5s)} 1-0

[Event "Stay Safe Play From Home 328"]
[Site "Mustafa Kemal Atatürk"]
[Date "2020.07.24"]
[Round "4"]
[White "Klasman"]
[Black "Trotsky"]
[Result "0-1"]
[WhiteElo "1343"]
[BlackElo "1612"]
[Annotator "NA"]
[PlyCount "54"]
[EventDate "2020.07.24"]
[EventType "swiss (blitz)"]

1. f4 {[%emt 0:00:04]} d5 {[%emt 0:00:01]} 2. e3 {[%emt 0:00:01]} e6 {[%emt 0:00:00]} 3. c4 {[%emt 0:00:01]} c5 {[%emt 0:00:00]} 4. Nc3 {[%emt 0:00:02]} Nc6 {[%emt 0:00:01]} 5. cxd5 {[%emt 0:00:01]} exd5 {[%emt 0:00:01]} 6. d4 {[%emt 0:00:01]} Be6 {[%emt 0:00:01]} 7. Nf3 {[%emt 0:00:02]} a6 {[%emt 0:00:01]} 8. Ne5 {[%emt 0:00:03]} Qc7 {[%emt 0:00:01]} 9. Qf3 {[%emt 0:00:03]} Bd6 {[%emt 0:00:02]} 10. Nxd5 {[%emt 0:00:01]} Bxd5 {[%emt 0:00:03]} 11. Qxd5 {[%emt 0:00:01]} O-O-O {[%emt 0:00:01]} 12. Nxf7 {[%emt 0:00:03]} Nf6 {[%emt 0:00:03]} 13. Qe6+ {[%emt 0:00:05]} Kb8 {[%emt 0:00:06]} 14. Nxh8 {[%emt 0:00:04]} cxd4 {[%emt 0:00:01]} 15. Nf7 {[%emt 0:00:02]} Re8 {[%emt 0:00:03]} 16. Qxd6 {[%emt 0:00:03]} Qxd6 {[%emt 0:00:06]} 17. Nxd6 {[%emt 0:00:02]} Re6 {[%emt 0:00:01]} 18. Nc4 {[%emt 0:00:02]} Nb4 {[%emt 0:00:02]} 19. Na3 {[%emt 0:00:04]} d3 {[%emt 0:00:01]} 20. Bd2 {[%emt 0:00:02]} Nc2+ {[%emt 0:00:02]} 21. Nxc2 {[%emt 0:00:02]} dxc2 {[%emt 0:00:00]} 22. Rc1 {[%emt 0:00:02]} Ne4 {[%emt 0:00:01]} 23. Rxc2 {[%emt 0:00:02]} Ka7 {[%emt 0:00:03]} 24. Bc4 {[%emt 0:00:02]} b5 {[%emt 0:00:02]} 25. Bxe6 {[%emt 0:00:02]} Kb6 {[%emt 0:00:00]} 26. O-O {[%emt 0:00:03]} Nc5 {[%emt 0:00:02]} 27. Rxc5 {[%emt 0:00:02]} Kxc5 {[%emt 0:00:01] Time (Lag: Av=0.31s, max=0.7s)} 0-1

[Event "Stay Safe Play From Home 328"]
[Site "Mustafa Kemal Atatürk"]
[Date "2020.07.24"]
[Round "5"]
[White "BrainThinker22"]
[Black "Mepe_Nika"]
[Result "0-1"]
[WhiteElo "2423"]
[BlackElo "2387"]
[Annotator "NA"]
[PlyCount "46"]
[EventDate "2020.07.24"]
[EventType "swiss (blitz)"]

1. e4 {[%emt 0:00:01]} c6 {[%emt 0:00:00]} 2. Nc3 {[%emt 0:00:02]} d5 {[%emt 0:00:00]} 3. d4 {[%emt 0:00:00]} dxe4 {[%emt 0:00:01]} 4. Nxe4 {[%emt 0:00:00]} Bf5 {[%emt 0:00:01]} 5. Ng3 {[%emt 0:00:01]} Bg6 {[%emt 0:00:00]} 6. h4 {[%emt 0:00:00]} h6 {[%emt 0:00:01]} 7. Nh3 {[%emt 0:00:01]} e6 {[%emt 0:00:03]} 8. Nf4 {[%emt 0:00:01]} Bh7 {[%emt 0:00:00]} 9. Bc4 {[%emt 0:00:00]} Bd6 {[%emt 0:00:01]} 10. Nfh5 {[%emt 0:00:04]} g6 {[%emt 0:00:05]} 11. Nf4 {[%emt 0:00:08]} Qc7 {[%emt 0:00:00]} 12. Nfe2 {[%emt 0:00:03]} Nd7 {[%emt 0:00:01]} 13. O-O {[%emt 0:00:01]} O-O-O {[%emt 0:00:01]} 14. Bb3 {[%emt 0:00:00]} Ngf6 {[%emt 0:00:02]} 15. Bxh6 {[%emt 0:00:02]} Ng4 {[%emt 0:00:02]} 16. Bg5 {[%emt 0:00:01]} f6 {[%emt 0:00:01]} 17. Be3 {[%emt 0:00:01]} Rde8 {[%emt 0:00:01]} 18. Ne4 {[%emt 0:00:05]} Bh2+ {[%emt 0:00:05]} 19. Kh1 {[%emt 0:00:00]} g5 {[%emt 0:00:00]} 20. Nc5 {[%emt 0:00:02]} Nxc5 {[%emt 0:00:03]} 21. dxc5 {[%emt 0:00:00]} Be4 {[%emt 0:00:05]} 22. f3 {[%emt 0:00:10]} Rxh4 {[%emt 0:00:01]} 23. fxe4 {[%emt 0:00:07]} Bg1+ {[%emt 0:00:04] BrainThinker22 resigns (Lag: Av=0.53s, max=1.1s)} 0-1